Normal view
MARC view
Entry Personal Name
001 - CONTROL NUMBER
- control field: 1181382
003 - CONTROL NUMBER IDENTIFIER
- control field: OSt
005 - DATE AND TIME OF LATEST TRANSACTION
- control field: 20260324130332.0
008 - FIXED-LENGTH DATA ELEMENTS
- fixed length control field: 260324|| aca||aabn | a|a d
040 ## - CATALOGING SOURCE
- Original cataloging agency: OSt
- Transcribing agency: OSt
100 ## - HEADING--PERSONAL NAME
- Personal name: Barry Purves
670 ## - SOURCE DATA FOUND
- Source citation: Work cat.: (OSt)1777474: Barry Purves, Stop Motion: Passion, Process and Performance
